000 01133cam a2200361 a 4500
001 2271
003 FISKH
005 20231114142349.0
008 950808s1996 nyua j 001 0 eng
010 _a 95035930
020 _a0688132367 (lib. bdg.)
020 _a0688132359
020 _a0590374699
040 _aDLC
_cDLC
_dDLC
_beng
042 _alcac
050 0 0 _aPS3566.R36
_bP74 1996
082 0 0 _a811/.54
_220
100 1 _aPrelutsky, Jack.
245 1 2 _aA pizza the size of the sun :
_bpoems /
_cby Jack Prelutsky ; drawings by James Stevenson.
250 _aFirst Scholastic printing, September 1997
260 _aNew York :
_bScholastic,
_c1994, 1996
300 _a159 pages :
_billustrations ;
_c23 cm
505 _aZ'
520 _aA collection of humorous poetry on a variety of topics.
521 8 _a1060
_bLexile NP
521 8 _aZ'
_bRaz-Plus
650 0 _aChildren's poetry, American.
650 1 _aHumorous poetry.
650 1 _aAmerican poetry.
700 1 _aStevenson, James,
_d1929-2017,
_eillustrator
906 _a7
_bcbc
_corignew
_d1
_eocip
_f19
_gy-gencatlg
942 _2ddc
_cBK
_n0
999 _c2271
_d2271